My teacher is an alien / (Record no. 2653)

MARC details
000 -LEADER
fixed length control field 01362cam a22003737i 4500
005 - DATE AND TIME OF LATEST TRANSACTION
control field 20240108160127.0
020 ## - INTERNATIONAL STANDARD BOOK NUMBER
International Standard Book Number 9781481404303 (hc)
020 ## - INTERNATIONAL STANDARD BOOK NUMBER
International Standard Book Number 148140430X (hc)
020 ## - INTERNATIONAL STANDARD BOOK NUMBER
International Standard Book Number 9781416903345 (pbk.)
020 ## - INTERNATIONAL STANDARD BOOK NUMBER
International Standard Book Number 1416903348 (pbk.)
020 ## - INTERNATIONAL STANDARD BOOK NUMBER
Canceled/invalid ISBN 9781439112281 (eBook)
040 ## - CATALOGING SOURCE
Original cataloging agency SINLB
Language of cataloging eng
Transcribing agency SINLB
Description conventions rda
Modifying agency JAG
-- OCLCO
-- OCLCQ
-- OCLCO
-- BDX
-- NYP
-- OCLCF
-- DLC
050 00 - LIBRARY OF CONGRESS CALL NUMBER
Classification number PZ7.C8344
Item number Myt 2014
082 04 - DEWEY DECIMAL CLASSIFICATION NUMBER
Classification number 813.54
Edition number 23
100 1# - MAIN ENTRY--PERSONAL NAME
Personal name Coville, Bruce
Relator term author.
245 10 - TITLE STATEMENT
Title My teacher is an alien /
Statement of responsibility, etc. by Bruce Coville ; Illustrated by Mike Wimmer
250 ## - EDITION STATEMENT
Edition statement First Minstrel Books printing, June 1989
260 ## - PUBLICATION, DISTRIBUTION, ETC.
Place of publication, distribution, etc. New York :
Name of publisher, distributor, etc. Pocket Books,
Date of publication, distribution, etc. 1989
300 ## - PHYSICAL DESCRIPTION
Extent 141 pages ;
Dimensions 20cm
490 0# - SERIES STATEMENT
Series statement Out-of-this-world
505 ## - FORMATTED CONTENTS NOTE
Formatted contents note P
520 ## - SUMMARY, ETC.
Summary, etc. Uneasy about her new substitute teacher, Susan Simmons' suspicions about Mr. Smith are confirmed when she discovers he is an alien determined to bring some sixth-grade specimens back to his planet.
521 1# - TARGET AUDIENCE NOTE
Target audience note 650
Source Lexile
521 1# - TARGET AUDIENCE NOTE
Target audience note P
Source Raz-Plus
650 #0 - SUBJECT ADDED ENTRY--TOPICAL TERM
Topical term or geographic name entry element Extraterrestrial beings
Form subdivision Juvenile fiction.
650 #0 - SUBJECT ADDED ENTRY--TOPICAL TERM
Topical term or geographic name entry element Schools
Form subdivision Juvenile fiction.
650 #1 - SUBJECT ADDED ENTRY--TOPICAL TERM
Topical term or geographic name entry element Extraterrestrial beings
Form subdivision Fiction.
650 #1 - SUBJECT ADDED ENTRY--TOPICAL TERM
Topical term or geographic name entry element Schools
Form subdivision Fiction.
650 #1 - SUBJECT ADDED ENTRY--TOPICAL TERM
Topical term or geographic name entry element Science fiction.
700 ## - ADDED ENTRY--PERSONAL NAME
Personal name Wimmer, Mike
Relator term illustrator
906 ## - LOCAL DATA ELEMENT F, LDF (RLIN)
a 7
b cbc
c copycat
d 2
e epcn
f 20
g y-gencatlg
942 ## - ADDED ENTRY ELEMENTS (KOHA)
Source of classification or shelving scheme Dewey Decimal Classification
Koha item type Books
Suppress in OPAC No
999 ## -
-- 2653
-- 2653
Holdings
Withdrawn status Lost status Source of classification or shelving scheme Damaged status Not for loan Collection Home library Current library Shelving location Date acquired Total Checkouts Full call number Barcode Date last seen Date last checked out Price effective from Koha item type
    Dewey Decimal Classification     Juvenile Fiction Footprints International School Library Network Toul Kork Campus Footprints International School Library Network Toul Tom Poung Campus   01/08/2024 2 COV 813.54 PZ7.C8344 FIS00931 02/27/2026 08/05/2025 01/08/2024 Books